Largest American Third Parties - Statistics

General Stats
  • This quiz has been taken 52 times
  • The average score is 9 of 17
Answer Stats
Hint Answer % Correct
2.74 Green
92%
3.28 Libertarian
92%
27.39 Progressive (Bull Moose)
82%
5.99 Socialist
78%
13.53 American Independent
67%
16.62 Progressive
63%
21.54 American (Know Nothing)
59%
18.91 Independent
57%
8.51 Populist (Peoples Party)
49%
2.41 States Rights (Dixiecrat)
49%
10.13 Free Soil
39%
12.62 Constitutional Union
37%
3.35 Greenback Labor
37%
2.19 Prohibition
31%
7.78 Anti-Masonic
27%
2.31 Liberty
18%
18.20 Constitutional Democratic
6%
No matching quizzes found
Score Distribution
Percent of People with Each Score
Percentile by Number Answered
Your Score History
You have not taken this quiz